گلستان شيخ مصلح الدين سعدى شيرازى = TheGulistan of Shaikh Muslihu d din sa'di of Shiraz / (Record no. 82500)
[ view plain ]
| 000 -LEADER | |
|---|---|
| fixed length control field | 01064cam a2200265 i 4500 |
| 001 - CONTROL NUMBER | |
| control field | 82500 |
| 003 - CONTROL NUMBER IDENTIFIER | |
| rucl marc code | BD-RjUL |
| 005 - DATE AND TIME OF LATEST TRANSACTION | |
| control field | 20231220113728.0 |
| 008 - FIXED-LENGTH DATA ELEMENTS--GENERAL INFORMATION | |
| fixed length control field | 231219s1974 enk 000 0 p |
| 035 ## - SYSTEM CONTROL NUMBER | |
| System control number | (BD-RjUL) 82500 |
| 040 ## - CATALOGING SOURCE | |
| Original cataloging agency | NNL |
| Transcribing agency | DLC |
| Modifying agency | DLC |
| Language of cataloging | eng |
| 041 0# - LANGUAGE CODE | |
| Language code of text/sound track or separate title | eng |
| -- | per |
| 082 ## - DEWEY DECIMAL CLASSIFICATION NUMBER | |
| Edition number | 23 |
| Classification number | 891.551 |
| Author mark and year | SAG 1974 |
| 100 0# - MAIN ENTRY--PERSONAL NAME | |
| Personal name | Sa'di |
| 9 (RLIN) | 10607 |
| 245 14 - TITLE STATEMENT | |
| Title | گلستان شيخ مصلح الدين سعدى شيرازى = TheGulistan of Shaikh Muslihu d din sa'di of Shiraz / |
| Statement of responsibility, etc. | translated by Edward B. Eastwick ; with an introductory preface, and a life of the author, from the Ātish Kadah. |
| 260 ## - PUBLICATION, DISTRIBUTION, ETC. (IMPRINT) | |
| Place of publication, distribution, etc. | London : |
| Name of publisher, distributor, etc. | Sampson Low Marston, |
| Date of publication, distribution, etc. | 1974. |
| 300 ## - PHYSICAL DESCRIPTION | |
| Pagination | xi-138+, 172 pages ; |
| Size | 23 cm. |
| 500 ## - GENERAL NOTE | |
| General note | Translation of Gulistān. |
| General note | Reprint of the 1852 ed. published in Hertford under title: The Gulistān; or, Rose Garden of Sheḵẖ Muṣliḥuʼd-dīn Sādī of Shīrāz. |
| 504 ## - BIBLIOGRAPHY, ETC. NOTE | |
| Bibliography, etc | Includes bibliographical references. |
| 650 #4 - SUBJECT ADDED ENTRY--TOPICAL TERM | |
| Topical term or geographic name as entry element | Persian poetry |
| Form subdivision | Persian literature |
| 700 1# - ADDED ENTRY--PERSONAL NAME | |
| Personal name | platts, John, |
| 942 ## - ADDED ENTRY ELEMENTS (KOHA) | |
| Source of classification or shelving scheme | Dewey Decimal Classification |
| Koha item type | Books |
| Lost status | Source of classification or shelving scheme | Damaged status | Not for loan | Collection code | Permanent Location | Current Location | Shelving location | Date acquired | Total Checkouts | Full call number | Date last seen | Copy number | Koha item type |
|---|---|---|---|---|---|---|---|---|---|---|---|---|---|
| Dewey Decimal Classification | Not For Loan | Non-fiction | Central Library, University of Rajshahi | Central Library, University of Rajshahi | Reading Room | 19/12/2023 | F 891.551 SAG 1974 | 19/12/2023 | C-1 | Books |